000 00485nam a2200181Ia 4500
005 20250508164016.0
008 008 250505s9999 xx 000 0 eng d
037 _aTextual
040 _aFEDL
_beng
_cFEDL
041 _aeng
_2eng
084 _a823, WIL
_qFEDL
100 _aWilson Rosalind Ed.
_9777055
245 0 _aBattling boats
260 _aNew Delhi, India
_bKatha Publication
_c2000
300 _a110p.
942 _cTEXL
_h823, WIL
999 _c1386550
_d1386550